Principles of economics / (Record no. 14379)
[ view plain ]
| 000 -LEADER | |
|---|---|
| fixed length control field | 00647nam a2200217 a 4500 |
| 003 - CONTROL NUMBER IDENTIFIER | |
| control field | SISC |
| 005 - DATE AND TIME OF LATEST TRANSACTION | |
| control field | 20160822101658.0 |
| 008 - FIXED-LENGTH DATA ELEMENTS--GENERAL INFORMATION | |
| fixed length control field | 100716s19uu xx 00 eng d |
| 020 ## - INTERNATIONAL STANDARD BOOK NUMBER | |
| International Standard Book Number | 9780131101395 |
| 050 ## - LIBRARY OF CONGRESS CALL NUMBER | |
| Classification number | HB 171.5 |
| Item number | .C313 2003 |
| 082 ## - DEWEY DECIMAL CLASSIFICATION NUMBER | |
| Classification number | ESF 330.22 |
| Item number | C261 2002 |
| 100 ## - MAIN ENTRY--PERSONAL NAME | |
| Personal name | Case, Karl E. |
| 9 (RLIN) | 10439 |
| 245 ## - TITLE STATEMENT | |
| Title | Principles of economics / |
| Statement of responsibility, etc | Karl E. Case, Ray C. Fair. |
| 250 ## - EDITION STATEMENT | |
| Edition statement | 6th edition. |
| 260 ## - PUBLICATION, DISTRIBUTION, ETC. (IMPRINT) | |
| Place of publication, distribution, etc | Singapore : |
| Name of publisher, distributor, etc | Pearson Education South Asia Pte Ltd, |
| Date of publication, distribution, etc | 2003. |
| 300 ## - PHYSICAL DESCRIPTION | |
| Extent | 743 pages : |
| Other physical details | illustrations ; |
| Dimensions | 28 cm. |
| 500 ## - GENERAL NOTE | |
| General note | Includes index. |
| 650 ## - SUBJECT ADDED ENTRY--TOPICAL TERM | |
| Topical term or geographic name as entry element | Economics |
| 9 (RLIN) | 7586 |
| 700 ## - ADDED ENTRY--PERSONAL NAME | |
| Personal name | Fair, Ray C. |
| 9 (RLIN) | 10440 |
| 942 ## - ADDED ENTRY ELEMENTS (KOHA) | |
| Source of classification or shelving scheme | Library of Congress Classification |
| Koha item type | Books |
| Withdrawn status | Lost status | Source of classification or shelving scheme | Damaged status | Home library | Current library | Shelving location | Date acquired | Total Checkouts | Full call number | Barcode | Date last seen | Copy number | Price effective from | Koha item type | Source of acquisition | Date checked out | Public note | Sub Shelving location |
|---|---|---|---|---|---|---|---|---|---|---|---|---|---|---|---|---|---|---|
| Withdrawn | Library of Congress Classification | Southville International School Affiliated with Foreign Universities Library | College Library | 06/16/2015 | 1 | HB 171.5 .C313 2003 | SFU2089 | 05/15/2018 | 06/16/2015 | Books | Library Fund | 09/23/2016 | Books donated | |||||
| Library of Congress Classification | Southville International School Affiliated with Foreign Universities Library | Southville International School Affiliated with Foreign Universities Library | Southville Foreign University Section | 08/15/2013 | HB 171.5 .C313 2003 | SFU0275 | 05/15/2018 | 1 | 08/15/2013 | Books | ||||||||
| Withdrawn | Library of Congress Classification | Southville International School Affiliated with Foreign Universities Library | Southville International School Affiliated with Foreign Universities Library | Southville Foreign University Section | 08/15/2013 | HB 171.5 .C313 2003 | SFU0277 | 08/15/2013 | 2 | 08/15/2013 | Books | |||||||
| Withdrawn | Library of Congress Classification | Southville International School Affiliated with Foreign Universities Library | Southville International School Affiliated with Foreign Universities Library | Southville Foreign University Section | 08/15/2013 | HB 171.5 .C313 2003 | SFU0278 | 08/15/2013 | 3 | 08/15/2013 | Books | |||||||
| Withdrawn | Library of Congress Classification | Southville International School Affiliated with Foreign Universities Library | Southville International School Affiliated with Foreign Universities Library | 07/21/2015 | HB 171.5 .C313 2003 | SFU2316 | 05/15/2018 | 07/21/2015 | Books | Library Fund | Books donated | |||||||
| Library of Congress Classification | Southville International School Affiliated with Foreign Universities Library | Southville International School Affiliated with Foreign Universities Library | Southville Foreign University Section | 07/21/2015 | 1 | HB 171.5 .C313 2003 | SFU2317 | 05/15/2018 | 07/21/2015 | Books | Library Fund | 11/22/2016 | ||||||
| Withdrawn | Library of Congress Classification | Southville International School Affiliated with Foreign Universities Library | Southville International School Affiliated with Foreign Universities Library | 07/21/2015 | HB 171.5 .C313 2003 | SFU2318 | 05/15/2018 | 07/21/2015 | Books | Library Fund | Books donated |